| 000 | 00494nam a22001217a 4500 | ||
|---|---|---|---|
| 999 |
_c21603 _d21603 |
||
| 008 | 240913b ||||| |||| 00| 0 eng d | ||
| 100 |
_aCusipag-Facum, Maria Cristina. _eauthor. _960945 |
||
| 245 |
_aElection : _ba shared responsibility / _cMaria Cristina Cusipag-Facum. |
||
| 260 |
_aPhilippines; _bPublishers Association of the Philippines, Inc., _cMarch 2020. |
||
| 300 |
_aVolume 168, pages 379, _billustration. |
||
| 700 |
_aCusipag-Facum, Maria Cristina. _eauthor. _960945 |
||
| 942 |
_2ddc _cPER |
||